000 00779cam a2200133 4500500
005 20260329023223.0
041 _afre
042 _adc
100 1 0 _aAugustin, Jean-Pierre
_eauthor
245 0 0 _aGéographie du sport : Spatialités contemporaines et mondialisation
260 _bArmand Colin,
_c2007.
520 _a1. Origine et développement spatial du fait sportif. 2. Diffusion, localisation et emblématique sportive. 3. Villes, régions urbaines et localisations sportives. 4. Démographie et acteur de la société sportive. La constitution des lieux sportifs. Sport et aménagement de l’espace. Compétitions internationales et grans sites sportifs
856 4 1 _uhttps://shs.cairn.info/geographie-du-sport--9782200346737?lang=fr&redirect-ssocas=7080
999 _c1925587
_d1925587